Vista normal
Vista MARC
Entrada Personal Name
Número de registros utilizados en: 4
001 - CONTROL NUMBER
- control field: 5082
003 - CONTROL NUMBER IDENTIFIER
- control field: DLC
005 - DATE AND TIME OF LATEST TRANSACTION
- control field: 20260427155506.0
008 - FIXED-LENGTH DATA ELEMENTS
- fixed length control field: 170719 a|ac|n|aab||||||||||||a |n|||||||
010 ## - LIBRARY OF CONGRESS CONTROL NUMBER
- LC control number: 84125580
040 ## - CATALOGING SOURCE
- Original cataloging agency: DLC
- Language of cataloging: spa
- Description conventions: rda
- Transcribing agency: Mx-PuUPA
- Modifying agency: Mx-PuUPA
046 ## - SPECIAL CODED DATES
- Birth date: 1924
100 1# - HEADING--PERSONAL NAME
- Personal name: Pérez-Tamayo, Ruy,
- Dates associated with a name: 1924-
370 ## - ASSOCIATED PLACE
- Place of birth: Tampico (Tamaulipas, Mexico)
- Source of term: naf
373 ## - ASSOCIATED GROUP
- Associated group: Universidad Nacional Autónoma de México
- Source of term: naf
374 ## - OCCUPATION
- Occupation: Profesor universitario
- Occupation: Patologísta
- Occupation: Autor
- Source of term: lcsh
375 ## - GENDER
- Gender: hombre
377 ## - ASSOCIATED LANGUAGE
- Language code: spa
- Source of code: MARC code list for languages
400 1# - SEE FROM TRACING--PERSONAL NAME
- Personal name: Tamayo, Ruy Pérez-
- Dates associated with a name: 1924-
670 ## - SOURCE DATA FOUND
- Source citation: His Mechanisms of disease, 1985:
- Information found: CIP t.p. (Ruy Pérez-Tamayo; prof. of path., Sch. of Med., Nat’l Autonomous Univ. of México; head, Dept. of Path., Nat’l Institute of Nutrition "Salvador Zubiran", México)
670 ## - SOURCE DATA FOUND
- Source citation: Personas y personajes, 2011:
- Information found: title page (Ruy Pérez Tamayo) leaf 3 (Ruy Pérez Tamayo nació en la ciudad de Tampico, Tamaulipas, en1924. Estudió medicina en la UNAM y se especializó en patología. Realizó un doctorado en inmunología en la Escuela Nacional de Ciencias Biológicas del IPN. Es profesor titular en la Facultad de Medicina de la UNAM)
670 ## - SOURCE DATA FOUND
- Source citation: Biblioteca del congreso (Estados Unidos), 25 agosto 2017:
- Information found: catálogo electrónico
- Uniform Resource Identifier: https://goo.gl/R3Tbrw
670 ## - SOURCE DATA FOUND
- Source citation: La profesión de Burke y Hare y otras historias, 1996:
- Information found: portada (Ruy Pérez Tamayo)